[Event "Cappelle op 30th"]
[Site "Cappelle la Grande"]
[Date "2014.03.03"]
[Round "4"]
[White "Nestorovic, Nikola"]
[Black "Bauwe, Pascal"]
[Result "1-0"]
[WhiteElo "2434"]
[BlackElo "2059"]
[PlyCount "59"]
[EventDate "2014.03.01"]
[EventType "swiss"]
[EventRounds "9"]
[EventCountry "FRA"]
[SourceTitle "CBM 159 Extra"]
[Source "ChessBase"]
[SourceDate "2014.04.24"]
[SourceVersion "1"]
[SourceVersionDate "2014.04.24"]
[SourceQuality "1"]

1. e4 e6 2. d4 d5 3. Nc3 Nf6 4. Bg5 Bb4 5. e5 h6 6. Bc1 Ne4 7. Nge2 c5 8. a3 Ba5 9. dxc5 Nxc3 10. Nxc3 Bxc3+ 11. bxc3 Qc7 12. Qd4 0-0 13. f4 Nc6 14. Qd3 Bd7 15. Be2 f6 16. exf6 Rxf6 17. 0-0 Be8 18. Be3 Na5 19. f5 Bc6 20. fxe6 Rxe6 21. Bg4 Re4 22. Bf3 Re7 23. Bxd5+ Bxd5 24. Qxd5+ Kh8 25. Bd4 Rae8 26. Qd6 Qc6 27. Qg3 Qe4 28. Qh3 Kg8 29. Qf5 Nc4 30. a4 1-0

[Event "Ghent Taminco op 36th"]
[Site "Ghent"]
[Date "2013.07.20"]
[Round "2"]
[White "De Groote, Ewoud"]
[Black "Bauwe, Pascal"]
[Result "1-0"]
[WhiteElo "2357"]
[BlackElo "2035"]
[PlyCount "77"]
[EventDate "2013.07.20"]
[EventType "swiss"]
[EventRounds "9"]
[EventCountry "BEL"]
[SourceTitle "CBM 155 Extra"]
[Source "ChessBase"]
[SourceDate "2013.08.26"]
[SourceVersion "1"]
[SourceVersionDate "2013.08.26"]
[SourceQuality "1"]

1. e4 e6 2. d4 d5 3. Nd2 Be7 4. e5 c5 5. Qg4 Kf8 6. dxc5 Nd7 7. Ngf3 Qc7 8. Qg3 Nxc5 9. Nd4 Nh6 10. Bd3 Nf5 11. Bxf5 exf5 12. 0-0 Be6 13. c3 Rd8 14. b3 b6 15. a4 a6 16. b4 Ne4 17. Nxe4 dxe4 18. b5 Bc5 19. Bg5 Rd7 20. Rfd1 h6 21. Be3 g5 22. Nxe6+ fxe6 23. h4 Be7 24. hxg5 Rg8 25. g6 Kg7 26. Qh3 h5 27. Qxh5 Rh8 28. Rxd7 Qxd7 29. Rd1 Qe8 30. Qe2 Qxg6 31. Rd7 Kf7 32. f4 Qh7 33. Qd1 Qh2+ 34. Kf2 Qh4+ 35. Ke2 Qg4+ 36. Kd2 Qxg2+ 37. Qe2 Qh1 38. bxa6 Rh2 39. Bf2 1-0